00430nam a2200181 a 45000010005000000030009000050080041000140200015000550400028000700820016000981000024001142450013001382500006001512600044001573000011002014900014002126500022002265523CO-ViMGA141112s2004 ck r 000 u spa d a9800101063 aCO-ViMGAbspacCO-ViMGA04a863.5 P17i51 aParra, Teresa de la10aIfigenia a3 aCaracas, cmonte avila editores, c1990 a283 p. aEl dorado14aNOVELA VENEZOLANA